[Event "Cambridge Int Open 2023"]
[Site "Cambridge ENG"]
[Date "2023.02.19"]
[Round "9.29"]
[White "Gamal, Alaa"]
[Black "Pousada Garcia, Daniel"]
[Result "1/2-1/2"]
[WhiteElo "1725"]
[BlackElo "2077"]
[EventDate "2023.02.15"]

1. d4 Nf6 2. Nf3 e6 3. c4 d5 4. Qc2 Be7 5. Bf4 c6 6. h3 Nbd7 7. e3 Ne4 8.
Bd3 f5 9. Nc3 O-O 10. O-O-O Qa5 11. g4 Ndf6 12. gxf5 exf5 13. Ne5 Nxc3 14.
bxc3 Ne4 15. Bxe4 fxe4 16. Rdg1 b5 17. c5 Qa6 18. Rg3 Bh4 19. Rg2 Bf6 20.
Rhg1 Bxe5 21. Bxe5 g6 22. h4 Rf3 23. h5 Bf5 24. hxg6 hxg6 25. Rh2 Kf7 26.
Rh7+ Ke6 27. Rgh1 b4 28. cxb4 Qa3+ 29. Qb2 Qd3 30. Rc7 Bh3 31. Rxc6+ Kf5
32. Rf6+ Kg4 33. Rg1+ Kh5 34. Rfxg6 Raf8 35. Bg7 Bg4 36. Rh6+ Kg5 37. Bxf8
Rxf8 38. Rh7 Kf5 39. Rxa7 Be2 40. a4 Ke6 41. Qd2 Qa3+ 42. Qb2 Qd3 43. Qc2
Qa3+ 44. Qb2 Qd3 45. Ra6+ Qxa6 46. Rg6+ Rf6 47. Rxf6+ Kxf6 48. b5 Qxa4 49.
Qxe2 Qa1+ 50. Kd2 Qa5+ 51. Kd1 Qa1+ 52. Kc2 Qa2+ 53. Kd1 Qa1+ 54. Kd2 Qa5+
1/2-1/2

[Event "Cambridge Int Open 2023"]
[Site "Cambridge ENG"]
[Date "2023.02.19"]
[Round "9.21"]
[White "Britnell, Jonathan"]
[Black "Palucha, Szymon C"]
[Result "1-0"]
[WhiteElo "1708"]
[BlackElo "1980"]
[EventDate "2023.02.15"]

1. Nf3 Nf6 2. c4 g6 3. b3 Bg7 4. Bb2 O-O 5. g3 c6 6. Bg2 d5 7. O-O Qb6 8.
Qc2 Na6 9. a3 Bf5 10. d3 Rad8 11. Nbd2 Rfe8 12. Rac1 dxc4 13. bxc4 Nc5 14.
Rb1 Qa6 15. Nd4 Bg4 16. h3 Bc8 17. N4b3 Na4 18. Bd4 e5 19. Nc5 Nxc5 20.
Bxc5 b6 21. Be3 c5 22. a4 Nh5 23. a5 bxa5 24. Ne4 f5 25. Nxc5 Qf6 26. Bd2
Bf8 27. Nb7 Bxb7 28. Rxb7 Bc5 29. Bd5+ Kh8 30. Kg2 f4 31. Rf7 Qg5 32. h4
Qg4 33. Bf3 Qe6 34. Rb7 fxg3 35. fxg3 Nf6 36. Bg5 Rb8 37. Qb1 Rxb7 38. Qxb7
Rf8 39. Bd5 Qe7 40. Rxf6 Rxf6 41. Qb8+ Rf8 42. Bxe7 Rxb8 43. Bf6# 1-0

[Event "Cambridge Int Open 2023"]
[Site "Cambridge ENG"]
[Date "2023.02.19"]
[Round "9.3"]
[White "Arkell, Keith C"]
[Black "Korneev, Oleg"]
[Result "0-1"]
[WhiteElo "2404"]
[BlackElo "2485"]
[EventDate "2023.02.15"]

1. d4 Nf6 2. Nf3 d5 3. c4 e6 4. cxd5 exd5 5. Nc3 c6 6. Qc2 g6 7. Bg5 Be7 8.
e3 Bf5 9. Bd3 Bxd3 10. Qxd3 O-O 11. Bxf6 Bxf6 12. b4 a6 13. O-O Be7 14.
Rab1 Nd7 15. a4 Nb6 16. Rfc1 Re8 17. Qd1 Nc4 18. b5 cxb5 19. axb5 a5 20.
Qb3 Ba3 21. Rc2 Bb4 22. Rbc1 Bxc3 23. Qxc3 Qd7 24. Qb3 b6 25. Ra1 Qe7 26.
h3 Qb4 27. Rc3 Kg7 28. Ra4 Qxb3 29. Rxb3 Rec8 30. Ne5 Nd2 31. Rd3 Rc1+ 32.
Kh2 Nf1+ 33. Kg1 Nxe3+ 34. Kh2 Nf1+ 35. Kg1 h5 36. Nd7 Ne3+ 37. Kh2 Nf1+
38. Kg1 Nd2+ 39. Kh2 Nc4 40. Rf3 Re8 41. Nf6 Ree1 42. Kg3 Nd2 43. Rf4 g5
44. Nxh5+ Kg6 45. Rf6+ Kxh5 46. Kh2 0-1

[Event "Cambridge Int Open 2023"]
[Site "Cambridge ENG"]
[Date "2023.02.19"]
[Round "9.1"]
[White "Golubovic, Boris"]
[Black "Adams, Michael"]
[Result "1/2-1/2"]
[WhiteElo "2349"]
[BlackElo "2688"]
[EventDate "2023.02.15"]

1. d4 Nf6 2. Nf3 e6 3. Bf4 d5 4. e3 Bd6 5. Nbd2 O-O 6. Bg3 c5 7. c3 b6 8.
Bd3 Ba6 9. Bxa6 Nxa6 10. Qe2 Nb8 11. Bxd6 Qxd6 12. dxc5 Qxc5 13. e4 dxe4
14. Nxe4 Nxe4 15. Qxe4 Nd7 16. O-O Nf6 17. Qe5 Rac8 1/2-1/2

[Event "Cambridge Int Open 2023"]
[Site "Cambridge ENG"]
[Date "2023.02.19"]
[Round "9.9"]
[White "Gormally, Daniel W"]
[Black "Waller, Dan"]
[Result "1-0"]
[WhiteElo "2448"]
[BlackElo "2117"]
[EventDate "2023.02.15"]

1. e4 c5 2. Nf3 g6 3. d4 cxd4 4. Qxd4 Nf6 5. Bb5 a6 6. e5 axb5 7. exf6 Nc6
8. Qd3 b4 9. O-O e6 10. Nbd2 b6 11. Re1 d5 12. Nb3 Ba6 13. Qe3 Qb8 14. Nbd4
Nxd4 15. Qxd4 Qd6 16. Bf4 Qc5 17. Rxe6+ Kd7 18. Re5 Qxd4 19. Nxd4 Bb7 20.
Rae1 Rxa2 21. h4 Bc5 22. Re7+ Bxe7 23. Rxe7+ Kc8 24. Rxf7 Rd8 25. Rxh7 Ra1+
26. Kh2 Rd1 27. Nb5 Rf8 28. Rc7+ 1-0

[Event "Cambridge Int Open 2023"]
[Site "Cambridge ENG"]
[Date "2023.02.19"]
[Round "9.8"]
[White "Itgelt, Khuyagtsogt"]
[Black "Hebden, Mark L"]
[Result "1-0"]
[WhiteElo "2158"]
[BlackElo "2454"]
[EventDate "2023.02.15"]

1. d4 Nf6 2. c4 g6 3. g3 Bg7 4. Bg2 O-O 5. Nc3 d6 6. Nf3 c5 7. d5 e6 8. O-O
exd5 9. cxd5 Re8 10. Nd2 a6 11. a4 Nbd7 12. h3 Rb8 13. Nc4 Ne5 14. Na3 Nh5
15. Kh2 f5 16. e4 fxe4 17. Nxe4 b5 18. Bg5 Nf6 19. axb5 axb5 20. Nb1 Bf5
21. Nbd2 Nf7 22. Bh4 Bxe4 23. Nxe4 Rxe4 24. Bxe4 g5 25. Bxg5 Nxg5 26. Bf5
Kh8 27. f4 Nf7 28. g4 Ng8 29. g5 Nxg5 30. Qh5 Nf6 31. Qxg5 Nxd5 32. Qh5 Qg8
33. Ra7 Nf6 34. Qg5 Re8 35. Rg1 Re2+ 36. Rg2 Rxg2+ 37. Qxg2 d5 38. Rc7 Bf8
39. Qe2 c4 40. Qe5 Bg7 41. Rc8 Qxc8 42. Bxc8 Ng4+ 43. hxg4 Bxe5 44. fxe5
Kg7 45. Kg3 d4 46. Kf3 1-0

[Event "Cambridge Int Open 2023"]
[Site "Cambridge ENG"]
[Date "2023.02.19"]
[Round "9.23"]
[White "Liu, Jack"]
[Black "Nawalaniec, Adam"]
[Result "0-1"]
[WhiteElo "1865"]
[BlackElo "1753"]
[EventDate "2023.02.15"]

1. e4 Nc6 2. d4 d5 3. e5 Bf5 4. c3 e6 5. Nf3 f6 6. Bf4 Nge7 7. Bg3 Ng6 8.
Bd3 Bxd3 9. Qxd3 fxe5 10. dxe5 Be7 11. Nbd2 O-O 12. O-O Rf5 13. Rae1 Bg5
14. b4 Bf4 15. Bxf4 Nxf4 16. Qc2 Qe8 17. b5 Ne7 18. g3 Nh3+ 19. Kg2 Qh5 20.
Qd1 Raf8 21. Nh4 Nf4+ 22. Kh1 Qxd1 23. Rxd1 Rh5 24. Nhf3 Nd3 25. a4 Rhf5
26. Nd4 Nxf2+ 27. Kg1 Nxd1 28. Nxf5 Rxf5 29. Rxd1 Rxe5 30. Kf2 Nf5 31. Nf3
Ne3 32. Rd4 Re4 33. Rxe4 dxe4 34. Ng5 Nd1+ 35. Ke1 Nxc3 36. Nxe6 Kf7 37.
Nxc7 Nxa4 38. Kd2 Nb6 39. Ke3 Ke7 40. Kxe4 Kd7 41. Nd5 Nxd5 42. Kxd5 Kc7
43. Kc5 h5 44. h3 g5 45. g4 hxg4 46. hxg4 a6 47. bxa6 bxa6 48. Kd5 Kb6 49.
Ke5 a5 50. Kf5 a4 51. Kxg5 a3 52. Kh6 a2 53. g5 a1=Q 54. Kh7 Qe5 55. g6
Qh5+ 56. Kg7 Kc7 57. Kf6 Kd7 58. g7 Qe8 0-1

[Event "Cambridge Int Open 2023"]
[Site "Cambridge ENG"]
[Date "2023.02.19"]
[Round "9.32"]
[White "Rida, Ruqayyah"]
[Black "Weersing, Abigail R"]
[Result "1/2-1/2"]
[WhiteElo "1669"]
[BlackElo "1827"]
[EventDate "2023.02.15"]

1. e4 e6 2. d4 d5 3. Nd2 dxe4 4. Nxe4 Nd7 5. Nf3 Ngf6 6. Nxf6+ Nxf6 7. c3
Be7 8. Bd3 O-O 9. Ne5 Qd5 10. O-O c5 11. Bc4 Qd6 12. Bf4 Qb6 13. dxc5 Qxb2
14. Qf3 Qa3 15. c6 bxc6 16. Qxc6 Rb8 17. Qf3 Bb7 18. Qh3 Bd5 19. Bd3 Rbc8
20. Nd7 g6 21. Nxf8 Rxc3 22. Bg5 Rxd3 23. Qh4 Kxf8 24. Bxf6 Bxf6 25. Qxf6
Qc3 26. Qxc3 Rxc3 27. a4 a5 28. Rfb1 Bc6 29. f3 Rc4 30. Rc1 Rxc1+ 31. Rxc1
Bxa4 32. Rc5 Bb3 33. Rxa5 Ke7 34. Kf2 Kf6 35. f4 h5 36. h3 Bd1 37. Ra7 Bb3
38. Ke3 e5 39. Ra6+ Be6 40. Ke4 exf4 41. Kxf4 Ke7 42. Kg5 Bc4 43. Ra7+ Ke6
44. Kh6 Kf5 45. g4+ hxg4 46. hxg4+ Kf6 47. Rc7 Be6 48. g5+ Kf5 49. Rc5+ Kg4
50. Kg7 Kh5 51. Kf6 Kg4 52. Re5 Kh5 53. Re4 Bd5 54. Rf4 Be6 55. Rf1 Bd5 56.
Ke5 Bc6 57. Kf4 Kh4 58. Rc1 Bd5 59. Rc8 Kh3 60. Rh8+ Kg2 61. Ke5 Be6 62.
Rb8 Kg3 63. Rb4 Kf3 64. Kf6 Ke3 65. Ra4 Kf3 66. Ke5 Kg3 67. Rd4 Kf3 68. Rh4
Kg3 69. Rh6 Kg4 70. Kf6 Bb3 71. Rh8 Be6 72. Re8 Bd5 73. Rd8 Be6 74. Rd4+
Kf3 75. Rh4 Ba2 76. Rh2 Be6 77. Rd2 Ke4 78. Re2+ Kf4 79. Rb2 Ke4 80. Rb6
1/2-1/2

[Event "Cambridge Int Open 2023"]
[Site "Cambridge ENG"]
[Date "2023.02.19"]
[Round "9.15"]
[White "Crocker, Philip J"]
[Black "Villiers, Thomas"]
[Result "1/2-1/2"]
[WhiteElo "2128"]
[BlackElo "2186"]
[EventDate "2023.02.15"]

1. d4 Nf6 2. c4 e6 3. g3 d5 4. Nf3 Be7 5. Bg2 O-O 6. O-O c6 7. Qc2 b6 8.
Nbd2 Nbd7 9. e4 Ba6 10. e5 Ne8 11. Re1 Rc8 12. cxd5 cxd5 13. Qd1 Qc7 14.
Nf1 Qc2 15. Qxc2 Rxc2 16. Ne3 Rc6 17. Bd2 Nc7 18. Rac1 Nb8 19. Rxc6 1/2-1/2

[Event "Cambridge Int Open 2023"]
[Site "Cambridge ENG"]
[Date "2023.02.19"]
[Round "9.28"]
[White "Volovich, Julia"]
[Black "Soulier, Alfred"]
[Result "1-0"]
[WhiteElo "1830"]
[BlackElo "1722"]
[EventDate "2023.02.15"]

1. d4 Nf6 2. c4 g6 3. Nc3 Bg7 4. e4 d6 5. Nf3 O-O 6. Be3 e5 7. dxe5 dxe5 8.
Qc2 Re8 9. Rd1 Qe7 10. Nd5 Nxd5 11. cxd5 Bf8 12. Be2 Rd8 13. O-O Bg4 14.
Bg5 f6 15. Be3 Bxf3 16. Bxf3 Kh8 17. Be2 c6 18. Bc4 cxd5 19. Bxd5 Na6 20.
a3 Rdc8 21. Qe2 Nc5 22. Rc1 Ne6 23. g3 a6 24. b4 Rd8 25. Qa2 Ng7 26. Rc3
Rac8 27. Rfc1 Qd7 28. Bb6 Rxc3 29. Rxc3 Rc8 30. Rxc8 Qxc8 31. Qc4 Qxc4 32.
Bxc4 Ne8 33. Bd5 Nd6 34. Kf1 Kg7 35. Ke2 f5 36. exf5 gxf5 37. Kd3 Kf6 38.
Bc5 Be7 39. Kc2 b5 40. Bxd6 Bxd6 41. Kb3 Bc7 42. Bb7 a5 43. Bc6 Bb6 44. f3
axb4 45. Kxb4 Bg1 46. h3 Bh2 47. g4 fxg4 48. hxg4 Kg5 49. Kxb5 h5 50. gxh5
Kxh5 51. a4 Kg5 52. Kb6 Kf6 53. a5 Ke7 54. Kb7 Kd6 55. a6 Bg1 56. Be4 Kd7
57. a7 Bxa7 58. Kxa7 Kc7 59. Ka6 Kd6 60. Kb5 Ke6 61. Kc6 Ke7 62. Kd5 Kf6
63. Kd6 Kf7 64. Kxe5 Ke7 65. Bd5 Kf8 66. Kf6 Ke8 67. f4 Kf8 68. f5 Ke8 69.
Kg7 Ke7 70. f6+ Kd6 71. f7 Kxd5 72. f8=Q Kd4 73. Qf5 Kc4 74. Qe5 Kd3 75.
Qf4 Kc3 76. Qe4 Kb3 77. Qd4 Kc2 78. Qe3 Kb2 79. Qd3 Kc1 80. Qe2 Kb1 81. Kf6
Kc1 82. Ke5 Kb1 83. Kd4 Kc1 84. Kc3 Kb1 85. Qb2# 1-0

[Event "Cambridge Int Open 2023"]
[Site "Cambridge ENG"]
[Date "2023.02.19"]
[Round "9.41"]
[White "Donnelly, Andrew J"]
[Black "Rastogi, Nayan Keats"]
[Result "1-0"]
[WhiteElo "1522"]
[BlackElo "1421"]
[EventDate "2023.02.15"]

1. Nf3 Nf6 2. c4 g6 3. Nc3 Bg7 4. g3 d6 5. Bg2 O-O 6. O-O Nc6 7. d4 e5 8.
e4 Bg4 9. Be3 exd4 10. Bxd4 Bxf3 11. Bxf6 Bxd1 12. Bxd8 Raxd8 13. Nxd1 Ne5
14. Rc1 Nd3 15. Rb1 Bd4 16. b3 c5 17. Ne3 Rb8 18. Nc2 Nb4 19. Nxd4 cxd4 20.
Rfd1 Nc6 21. b4 b5 22. cxb5 Rxb5 23. a4 Rxb4 24. Rxb4 Nxb4 25. Rxd4 Na6 26.
Rxd6 Nc5 27. a5 Rb8 28. Rd1 Rb4 29. Rc1 Nxe4 30. Bxe4 Rxe4 31. Rc7 a6 32.
Rc6 Re6 33. Rb6 Kg7 34. f4 Kf6 35. g4 h5 36. h3 hxg4 37. hxg4 Ke7 38. Rb7+
Ke8 39. Kf2 f5 40. Rb8+ Kf7 41. gxf5 gxf5 42. Rb6 Ke7 43. Rb7+ Kf8 44. Kf3
Rd6 45. Rb6 Ke7 46. Rxd6 Kxd6 47. Kg3 Ke6 48. Kh4 Kd5 49. Kh5 Kd4 50. Kg6
Ke4 51. Kg5 1-0

[Event "Cambridge Int Open 2023"]
[Site "Cambridge ENG"]
[Date "2023.02.19"]
[Round "9.14"]
[White "Wall, Tim P"]
[Black "Blinov, Roman"]
[Result "1-0"]
[WhiteElo "2239"]
[BlackElo "1731"]
[EventDate "2023.02.15"]

1. b3 d5 2. Bb2 Bf5 3. Nf3 e6 4. d3 Nf6 5. Nbd2 h6 6. g3 Bh7 7. Bg2 Be7 8.
O-O O-O 9. e3 a5 10. a3 Nbd7 11. Qe2 Rc8 12. Rad1 Re8 13. e4 Nb6 14. Ne5 c5
15. a4 Nbd7 16. f4 dxe4 17. dxe4 Nxe5 18. fxe5 Nd7 19. Nc4 Rc6 20. Qd3 Nb6
21. Qf3 Qa8 22. Qxf7+ Kh8 23. Nd6 Bxd6 24. exd6 e5 25. d7 Rg8 26. Bxe5 Qd8
27. Bc3 Bg6 28. Qf4 Nxd7 29. e5 Re6 30. Qd2 Re7 31. e6 1-0

[Event "Cambridge Int Open 2023"]
[Site "Cambridge ENG"]
[Date "2023.02.19"]
[Round "9.11"]
[White "Roberson, Peter T"]
[Black "Bonn, Thomas"]
[Result "1/2-1/2"]
[WhiteElo "2426"]
[BlackElo "2189"]
[EventDate "2023.02.15"]

1. e4 c5 2. Nc3 a6 3. g3 b5 4. Bg2 Bb7 5. d3 e6 6. f4 d5 7. f5 d4 8. fxe6
fxe6 9. Nb1 Bd6 10. Qh5+ g6 11. Qe2 e5 12. Nh3 h6 13. Nd2 Nf6 14. Nf3 g5
15. Nf2 Bc8 16. a4 b4 17. Nd2 Nc6 18. O-O Be6 19. Bh3 Qd7 20. Nc4 Bc7 21.
Bf5 Ne7 22. g4 O-O-O 23. Bd2 Rdg8 24. c3 a5 25. cxb4 cxb4 26. Rfc1 Kb7 27.
Rc2 h5 28. Qe1 Nc6 29. Rac1 Rc8 30. Bxg5 Nxg4 31. Nxg4 hxg4 32. Bh4 Bxf5
33. exf5 Qxf5 34. Bg3 Qxd3 35. Rd2 Qg6 36. Rf2 Rhf8 37. Nd2 Rxf2 38. Bxf2
d3 39. Ne4 Nd4 40. Nc5+ Ka8 41. Bxd4 exd4 42. Qd2 Ka7 43. Qg2 Qb6 44. Nxd3
Re8 45. Rc6 Qb8 46. Qd5 Qb7 47. Kh1 Bb6 48. Nc5 Qh7 49. Rg6 g3 50. Rxg3
Re1+ 51. Kg2 Re2+ 52. Kf1 Rxh2 53. Nd3 Rd2 54. Qf3 Qe7 55. Rg4 Rh2 56. Rf4
Rh7 57. Rf6 Rg7 58. Rf8 Qb7 59. Ne5 d3 60. Qxb7+ Kxb7 61. Nxd3 Rg1+ 62. Ke2
Rg2+ 63. Kf3 Rg6 64. Rf7+ Ka6 65. Ne5 Rg1 66. Ke4 Re1+ 67. Kd5 Rd1+ 68. Kc4
Rd2 69. Kb3 Bd4 70. Rf6+ Kb7 71. Rf7+ Ka6 72. Rf6+ Kb7 73. Rf7+ Ka6 74. Nc4
Rd3+ 75. Kc2 Rh3 76. Rf5 Kb7 77. Nxa5+ Kc7 78. Rb5 Rh2+ 79. Kd3 Bxb2 80.
Rxb4 Rh3+ 81. Kc2 Bf6 82. Rb7+ Kc8 83. Rf7 Be5 84. Rf5 Ra3 85. Rxe5 Rxa4
86. Kb3 Rh4 87. Re7 Rg4 88. Nc4 Kd8 89. Rh7 Ke8 90. Kb4 Rg5 91. Ne3 Re5 92.
Nc4 Rg5 93. Nd6+ Kf8 94. Kc4 Ra5 95. Kd4 Kg8 96. Rd7 Kf8 97. Ke4 Kg8 98.
Nc4 Ra1 99. Kf5 Rf1+ 100. Ke6 Rf2 101. Nd6 Re2+ 102. Kf6 Rd2 103. Rg7+ Kf8
104. Rf7+ Kg8 105. Nf5 Rf2 106. Ra7 Rf1 107. Ra2 Kh7 108. Rg2 Kh8 109. Rg5
Kh7 110. Kf7 Rh1 111. Ng3 Rh2 112. Rg7+ Kh8 113. Rg4 Rf2+ 114. Kg6 Ra2 115.
Ne4 Kg8 116. Rh4 Rg2+ 117. Kf6 Rg1 118. Nd6 Rf1+ 119. Nf5 Rf2 120. Rh1 Rf3
121. Ra1 Rf2 122. Rb1 Kh7 123. Rg1 Kh8 124. Rg3 Rf1 125. Rg4 Rf2 126. Rg1
Kh7 127. Rh1+ Kg8 128. Rh5 Rf1 129. Rg5+ Kf8 130. Rh5 Ke8 131. Rh7 Kd8 132.
Ke6 Re1+ 133. Kd5 Rd1+ 134. Nd4 Ke8 135. Ke6 Re1+ 136. Kd6 Rd1 137. Rh8+
1/2-1/2

[Event "Cambridge Int Open 2023"]
[Site "Cambridge ENG"]
[Date "2023.02.19"]
[Round "9.2"]
[White "Bosiocic, Marin"]
[Black "Fernandez, Daniel H"]
[Result "0-1"]
[WhiteElo "2564"]
[BlackElo "2481"]
[EventDate "2023.02.15"]

1. Nf3 g6 2. e4 Bg7 3. d4 d6 4. Nc3 c6 5. Be3 b5 6. Bd3 Nd7 7. h3 Bb7 8.
O-O a6 9. a4 b4 10. Ne2 Ngf6 11. c3 c5 12. e5 Nd5 13. e6 fxe6 14. Ng5 Nf8
15. dxc5 Nxe3 16. fxe3 Bf6 17. Ne4 Bxe4 18. Bxe4 d5 19. Bd3 bxc3 20. b4 Qb8
21. Rb1 Nd7 22. Nf4 Qe5 23. Qg4 Bg5 24. Rbe1 Bxf4 25. exf4 Qd4+ 26. Kh2 Nf8
27. f5 Qxd3 28. f6 h5 29. Qf4 h4 30. Re3 Qc4 31. Qc7 Nd7 32. Rf4 d4 33.
Ree4 Qd3 34. Qc6 Qg3+ 35. Kg1 c2 36. f7+ Kf8 37. Rf1 Rd8 38. Qxe6 Qg5 39.
Ree1 d3 40. c6 Nc5 41. bxc5 Qxc5+ 42. Kh2 d2 43. Re5 c1=Q 0-1

[Event "Cambridge Int Open 2023"]
[Site "Cambridge ENG"]
[Date "2023.02.19"]
[Round "9.25"]
[White "Lazarus, Simon E"]
[Black "O'shea, Colm"]
[Result "1/2-1/2"]
[WhiteElo "1831"]
[BlackElo "1677"]
[EventDate "2023.02.15"]

1. d4 d5 2. Nf3 Nf6 3. c4 dxc4 4. e3 e6 5. Bxc4 a6 6. a4 c5 7. O-O Nc6 8.
Qe2 cxd4 9. Rd1 Be7 10. exd4 O-O 11. Nc3 Nb4 12. Ne5 Nbd5 13. Qf3 h6 14.
Bd3 Bd7 15. Ne4 Rb8 16. Bb1 b5 17. axb5 Bxb5 18. Nxf6+ Nxf6 19. Nc6 Bxc6
20. Qxc6 a5 21. Qf3 Bb4 22. Bf4 Ra8 23. Be5 Bd6 24. Ba2 Qe7 25. Qg3 Bxe5
26. dxe5 Nd7 27. Rd6 Rfd8 28. Rad1 Nf8 29. Qd3 Rxd6 30. exd6 Qd7 31. Bb1
Rd8 32. h4 Qa4 33. g3 Qb4 34. Rd2 Rd7 35. Kh2 Rd8 36. Kg1 Rd7 37. Kh2
1/2-1/2

[Event "Cambridge Int Open 2023"]
[Site "Cambridge ENG"]
[Date "2023.02.19"]
[Round "9.40"]
[White "Gardner, Phillip K"]
[Black "Li, Reya"]
[Result "1/2-1/2"]
[WhiteElo "1814"]
[BlackElo "1474"]
[EventDate "2023.02.15"]

1. e4 e5 2. Nf3 Nc6 3. Bc4 Bc5 4. c3 Nf6 5. d4 exd4 6. cxd4 Bb4+ 7. Bd2
Bxd2+ 8. Nbxd2 d5 9. exd5 Nxd5 10. Qb3 Na5 11. Qa4+ Nc6 12. Qb3 Na5 13.
Qa4+ Nc6 14. Ne4 Nb6 15. Qb3 Nxc4 16. Qxc4 Be6 17. Qc3 O-O 18. O-O Bd5 19.
Ned2 1/2-1/2

[Event "Cambridge Int Open 2023"]
[Site "Cambridge ENG"]
[Date "2023.02.19"]
[Round "9.38"]
[White "Chantrell, Paul"]
[Black "Gardiner, Eric D"]
[Result "0-1"]
[WhiteElo "1572"]
[BlackElo "1883"]
[EventDate "2023.02.15"]

1. e4 e6 2. d4 d5 3. e5 c5 4. c3 Qb6 5. a3 Bd7 6. Nf3 Bb5 7. Bxb5+ Qxb5 8.
b4 cxd4 9. cxd4 Nd7 10. Nc3 Qc6 11. Qd3 Nb6 12. Nd2 Rc8 13. Bb2 Nc4 14.
Nxc4 dxc4 15. Qe4 Ne7 16. Qxc6+ Nxc6 17. Ne4 b5 18. Ke2 Be7 19. Bc3 O-O 20.
f4 f5 21. Nf2 Rcd8 22. Rhd1 a6 23. Rd2 Rd7 24. g3 Rfd8 25. Rad1 a5 26. d5
Rxd5 27. bxa5 Bxa3 28. Rxd5 exd5 0-1

[Event "Cambridge Int Open 2023"]
[Site "Cambridge ENG"]
[Date "2023.02.19"]
[Round "9.43"]
[White "Turner, David J"]
[Black "Catabay, Rezin C"]
[Result "1-0"]
[WhiteElo "1762"]
[BlackElo "1597"]
[EventDate "2023.02.15"]

1. e4 c5 2. Nf3 Nc6 3. d3 g6 4. g3 Bg7 5. Bg2 e5 6. O-O Nge7 7. Bg5 h6 8.
Be3 d6 9. Qd2 f5 10. Nc3 Be6 11. Rfd1 b6 12. Ne2 Rc8 13. c3 a5 14. Ne1 Rc7
15. f4 Rd7 16. Qc2 Rc7 17. a4 O-O 18. Qd2 Kh7 19. Ra3 Rd7 20. Qc1 Bf7 21.
Qb1 d5 22. exf5 gxf5 23. fxe5 Nxe5 24. Bf4 N7g6 25. Nf3 Re8 26. Bxe5 Nxe5
27. Nf4 Rde7 28. d4 Nxf3+ 29. Bxf3 Qd7 30. dxc5 bxc5 31. Bxd5 Qc8 32. Bxf7
Rxf7 33. Qd3 c4 34. Qf3 Re4 35. Raa1 Rfe7 36. Qh5 Qc5+ 37. Kg2 Qc6 38.
Qxf5+ Kh8 39. Ng6+ Kg8 40. Nxe7+ Rxe7+ 41. Qd5+ Qxd5+ 42. Rxd5 Re2+ 43. Kh3
Rxb2 44. Rc1 Rb3 45. Rxa5 Bxc3 46. Rc5 1-0

[Event "Cambridge Int Open 2023"]
[Site "Cambridge ENG"]
[Date "2023.02.19"]
[Round "9.26"]
[White "Murawski, Jan"]
[Black "Senior, Gary"]
[Result "0-1"]
[WhiteElo "1708"]
[BlackElo "2086"]
[EventDate "2023.02.15"]

1. d4 f5 2. c4 Nf6 3. Nc3 e6 4. g3 Bb4 5. Bg2 O-O 6. Nh3 Bxc3+ 7. bxc3 d6
8. O-O Nc6 9. c5 Ne4 10. cxd6 cxd6 11. Qd3 e5 12. f4 exd4 13. cxd4 d5 14.
Ng5 b6 15. Nxe4 fxe4 16. Qd1 Qf6 17. e3 Na5 18. Qe2 Re8 19. Qb5 Bb7 20. Re1
a6 21. Qb4 Rac8 22. Rb1 Re6 23. Bh3 Rec6 24. Bxc8 Bxc8 25. Bd2 Nc4 26. Rec1
Bg4 27. Rxc4 Rxc4 28. Qxb6 Qxb6 29. Rxb6 Rc2 30. Rb8+ Kf7 31. Rb7+ Kg6 32.
Rb6+ Kf5 33. Be1 Bh3 34. Rxa6 Kg4 35. Rb6 Rxa2 36. Rb1 Kf3 37. Bb4 Kxe3 38.
Rd1 Bg4 39. Rc1 Bf3 40. Re1+ Kxd4 41. Rc1 e3 42. Bd6 Rg2+ 43. Kf1 e2+ 0-1

[Event "Cambridge Int Open 2023"]
[Site "Cambridge ENG"]
[Date "2023.02.19"]
[Round "9.36"]
[White "Li, Evan"]
[Black "Larchikov, Maksym"]
[Result "0-1"]
[WhiteElo "1394"]
[BlackElo "1901"]
[EventDate "2023.02.15"]

1. e4 c5 2. Nf3 d6 3. c3 Nf6 4. Be2 Nc6 5. d4 cxd4 6. cxd4 Nxe4 7. O-O d5
8. Nc3 g6 9. Qb3 Nxc3 10. bxc3 Bg7 11. Bf4 O-O 12. Rfe1 Na5 13. Qc2 Bf5 14.
Qd2 f6 15. Bh6 Qd6 16. Bxg7 Kxg7 17. Bf1 Rfe8 18. Rad1 Nc4 19. Bxc4 dxc4
20. Qe2 Qd5 21. Nh4 Bd7 22. Qe4 Qxe4 23. Rxe4 e6 24. Nf3 Bc6 25. Re3 b5 26.
Rde1 Bd5 27. Nd2 a5 28. a3 Rab8 29. Rb1 Rec8 30. Ne4 Rc7 31. Nc5 Rc6 32.
Nd7 Rd8 33. Nc5 Rb6 34. a4 b4 35. Kf1 Rdd6 36. cxb4 Rxb4 37. Rc1 Kf7 38. g3
Bc6 39. Ra1 Bd7 40. Nxd7 Rxd7 41. Re4 f5 42. Re5 Rd5 43. Rxd5 exd5 44. Ra2
c3 45. Rc2 Rxa4 46. Rxc3 Rxd4 47. Ra3 a4 48. Ke2 Rb4 49. Kd3 Rb3+ 50. Rxb3
axb3 51. Kc3 Ke6 52. f4 d4+ 53. Kxb3 Kd5 0-1

[Event "Cambridge Int Open 2023"]
[Site "Cambridge ENG"]
[Date "2023.02.19"]
[Round "9.20"]
[White "Adams, Henry"]
[Black "Walker, Martin G"]
[Result "1/2-1/2"]
[WhiteElo "1738"]
[BlackElo "2133"]
[EventDate "2023.02.15"]

1. e4 Nf6 2. e5 Nd5 3. d4 d6 4. c4 Nb6 5. exd6 cxd6 6. Nc3 g6 7. Be3 Bg7 8.
Rc1 O-O 9. b3 Nc6 10. d5 Nb4 11. Bd4 Bh6 12. a3 Bxc1 13. Qxc1 Na6 14. Qh6
f6 15. Bd3 Qe8 16. Ne4 Bf5 17. Ng5 Rf7 18. Bxf5 gxf5 19. h4 Rg7 20. Ne6 Rg6
21. Qf4 Rg4 22. Qf3 Qg6 23. h5 Qf7 24. Qxf5 Rxd4 25. Nxd4 Nc5 26. Rh3 Kh8
27. Rg3 Rg8 28. Rxg8+ Qxg8 1/2-1/2

[Event "Cambridge Int Open 2023"]
[Site "Cambridge ENG"]
[Date "2023.02.19"]
[Round "9.33"]
[White "Kaushik, Madhav"]
[Black "Brocklehurst, Andrew"]
[Result "0-1"]
[WhiteElo "1443"]
[BlackElo "1816"]
[EventDate "2023.02.15"]

1. e4 c5 2. Nf3 Nc6 3. d4 cxd4 4. Nxd4 e5 5. Nb5 d6 6. N1c3 a6 7. Na3 Nf6
8. Nc4 b5 9. Ne3 b4 10. Ncd5 Be7 11. Bd3 Be6 12. O-O O-O 13. Bd2 a5 14. a3
Rb8 15. axb4 Nxb4 16. Bxb4 axb4 17. Nxf6+ Bxf6 18. Nd5 Bxd5 19. exd5 e4 20.
Bxe4 Bxb2 21. Ra2 Bc3 22. Qd3 g6 23. Ra6 Re8 24. Qc4 Rb6 25. Bd3 Rxa6 26.
Qxa6 Qf6 27. Be2 h5 28. Qd3 Kg7 29. Qf3 Qd4 30. Rd1 Qxd1+ 0-1

[Event "Cambridge Int Open 2023"]
[Site "Cambridge ENG"]
[Date "2023.02.19"]
[Round "9.24"]
[White "Pert, Max P"]
[Black "Golsta, Ramona"]
[Result "1-0"]
[WhiteElo "1793"]
[BlackElo "1777"]
[EventDate "2023.02.15"]

1. d4 g6 2. g3 Bg7 3. Bg2 Nf6 4. Nf3 O-O 5. O-O d5 6. Nbd2 b6 7. c4 Bb7 8.
Qc2 Na6 9. Rd1 Rc8 10. c5 bxc5 11. dxc5 c6 12. Rb1 Nd7 13. b4 e5 14. e3 f5
15. a4 f4 16. exf4 exf4 17. Ba3 Ne5 18. Nxe5 Bxe5 19. Nc4 Bg7 20. Nd6 Ba8
21. Nxc8 Qxc8 22. b5 Nc7 23. b6 Ne8 24. Qe2 a6 25. Re1 fxg3 26. fxg3 Nf6
27. Qe6+ Qxe6 28. Rxe6 Kf7 29. b7 Bxb7 30. Rxf6+ Bxf6 31. Rxb7+ Ke6 32. Rc7
Bd4+ 33. Kh1 Rf2 34. Rxc6+ Ke5 35. Bh3 Ke4 36. Re6+ Kf3 37. Re1 Ra2 38. c6
1-0